[Event "SWE-ch qualA"]
[Site "Haninge"]
[Date "1997.??.??"]
[Round "11"]
[White "Von Bahr, Oskar"]
[Black "Olsson, Krister"]
[Result "1/2-1/2"]
[WhiteElo "2185"]
[BlackElo "2360"]
[PlyCount "60"]
[EventDate "1997.??.??"]
[EventType "tourn"]
[EventRounds "13"]
[EventCountry "SWE"]
[SourceTitle "EXT 1999"]
[Source "ChessBase"]
[SourceDate "1998.11.16"]
[SourceVersion "1"]
[SourceVersionDate "1998.11.16"]
[SourceQuality "1"]

1. d4 Nf6 2. c4 c5 3. d5 b5 4. cxb5 a6 5. Nc3 axb5 6. e4 Qa5 7. Bd2 b4 8. e5 bxc3 9. Bxc3 Qa4 10. exf6 Qxd1+ 11. Rxd1 gxf6 12. a3 d6 13. Nf3 Rg8 14. Bb5+ Bd7 15. Bxd7+ Nxd7 16. 0-0 Nb6 17. Rfe1 Kd7 18. Re4 Ra4 19. Re2 f5 20. b4 c4 21. Ra2 Bg7 22. Bxg7 Rxg7 23. h3 Rg8 24. Ne1 f4 25. Rd4 Rg5 26. Rxf4 f6 27. Nc2 Rxd5 28. Ne3 Rd3 29. Nxc4 Nxc4 30. Rxc4 Rdxa3 1/2-1/2